Music Quiz

Random Music Quiz

Oasis Music Albums Released/Discography Quiz Stats

 Plays Quiz not verified by Sporcle

Support Sporcle.
Go Orange.
Score 0/11 Timer 05:00
0 Plays Today
Info about the Album % Correct
First Studio AlbumDefinitely Maybe
94.1%
Do'ya know what I mean ?Be Here Now
94.1%
Wonderwall & Don't Look Back In Anger(What's The Story) Morning Glory?
93.1%
B-SidesThe Masterplan
91.2%
On a �2 pound British coinStanding On The Shoulder Of Giants
83.3%
Also a Science termHeathen Chemistry
83.3%
Last Studio AlbumDig Out Your Soul
78.4%
Live in Manchester, 2000Familiar to Millions
74.5%
First CompilationStop The Clocks
72.5%
Lord, don't slow me downDon't Believe The Truth
68.6%
Second CompilationTime Flies... 1994-2009
61.8%

You're not logged in!

Compare scores with friends on all Sporcle quizzes.
OR
Log In

From the Vault

Shipping Forecast Areas

by Matt

There's got to be foggy in at least one of them.
Remove Ads.
Support Sporcle.
Get the best of Sporcle when you Go Orange. This ad-free experience offers more features, more stats, and more fun while also helping to support Sporcle. Thank you for becoming a member.

Show Comments

Extras

Created Feb 22, 2011ReportNominate
Tags:Oasis

Top Quizzes Today


Score Distribution

Your Account Isn't Verified!

In order to create a playlist on Sporcle, you need to verify the email address you used during registration. Go to your Sporcle Settings to finish the process.

Report this User

Report this user for behavior that violates our Community Guidelines.

Details: